Aujourd'hui, promis! / (Notice n° 18864)
[ affichage normal ]
| 000 -LEADER | |
|---|---|
| fixed length control field | 01657cam a2200445 i 4500 |
| 001 - CONTROL NUMBER | |
| control field | 0007414380 |
| 003 - CONTROL NUMBER IDENTIFIER | |
| control field | OSt |
| 005 - DATE AND TIME OF LATEST TRANSACTION | |
| control field | 20260530095858.0 |
| 008 - FIXED-LENGTH DATA ELEMENTS--GENERAL INFORMATION | |
| fixed length control field | 250210s2025 quca j 000 1 fre |
| 020 ## - INTERNATIONAL STANDARD BOOK NUMBER | |
| International Standard Book Number | 9782925215837 |
| 020 ## - INTERNATIONAL STANDARD BOOK NUMBER | |
| International Standard Book Number | 2925215831 |
| 040 ## - CATALOGING SOURCE | |
| Original cataloging agency | QMBN |
| Language of cataloging | fre |
| Description conventions | rda |
| Transcribing agency | QMBN |
| Modifying agency | QMBND |
| 082 04 - DEWEY DECIMAL CLASSIFICATION NUMBER | |
| Classification number | ALB BIS |
| Item number | B621a |
| Edition number | 23/fre/202510 |
| Standard or optional designation | b |
| 082 04 - DEWEY DECIMAL CLASSIFICATION NUMBER | |
| Classification number | 843/.92 |
| Item number | B621a |
| Edition number | 23/fre/202510 |
| 082 04 - DEWEY DECIMAL CLASSIFICATION NUMBER | |
| Classification number | C843/.92 |
| Item number | B621a |
| Edition number | 23/fre/202510 |
| Standard or optional designation | b |
| 084 ## - OTHER CLASSIFICATION NUMBER | |
| Classification number | C848/.926 |
| Item number | B621a |
| Number source | z |
| 091 0# - MICROFILM SHELF LOCATION (AM) [OBSOLETE] | |
| Microfilm shelf location | BIS |
| 100 1# - MAIN ENTRY--PERSONAL NAME | |
| Personal name | Bisaillon, Josée |
| Dates associated with a name | 1982- |
| Relator term | auteur |
| -- | illustrateur |
| 245 10 - TITLE STATEMENT | |
| Title | Aujourd'hui, promis! / |
| Statement of responsibility, etc. | texte et illustrations : Josě Bisaillon |
| 264 #1 - PRODUCTION, PUBLICATION, DISTRIBUTION, MANUFACTURE, AND COPYRIGHT NOTICE | |
| Place of production, publication, distribution, manufacture | [Montrǎl] : |
| Name of producer, publisher, distributor, manufacturer | Fonfon, |
| Date of production, publication, distribution, manufacture, or copyright notice | [2025] |
| 300 ## - PHYSICAL DESCRIPTION | |
| Extent | 1 volume (non pagin)̌ : |
| Other physical details | illustrations en couleur ; |
| Dimensions | 28 cm |
| 336 ## - CONTENT TYPE | |
| Content type term | texte |
| Content type code | txt |
| Source | rdacontent |
| 336 ## - CONTENT TYPE | |
| Content type term | image fixe |
| Content type code | sti |
| Source | rdacontent |
| 337 ## - MEDIA TYPE | |
| Media type term | sans mďiation |
| Media type code | n |
| Source | rdamedia |
| 338 ## - CARRIER TYPE | |
| Carrier type term | volume |
| Carrier type code | nc |
| Source | rdacarrier |
| 490 1# - SERIES STATEMENT | |
| Series statement | Histoires de vivre |
| 521 ## - TARGET AUDIENCE NOTE | |
| Target audience note | Pour enfants de 4 1̉1 ans |
| 650 #7 - SUBJECT ADDED ENTRY--TOPICAL TERM | |
| Topical term or geographic name as entry element | Devoirs l̉a maison |
| Form subdivision | Fiction |
| Source of heading or term | vmj |
| 650 #7 - SUBJECT ADDED ENTRY--TOPICAL TERM | |
| Topical term or geographic name as entry element | Procrastination |
| Form subdivision | Fiction |
| Source of heading or term | vmj |
| 650 #7 - SUBJECT ADDED ENTRY--TOPICAL TERM | |
| Topical term or geographic name as entry element | Distraction |
| Form subdivision | Fiction |
| Source of heading or term | vmj |
| 650 #7 - SUBJECT ADDED ENTRY--TOPICAL TERM | |
| Topical term or geographic name as entry element | Imagination |
| Form subdivision | Fiction |
| Source of heading or term | vmj |
| 650 #7 - SUBJECT ADDED ENTRY--TOPICAL TERM | |
| Topical term or geographic name as entry element | Responsabilit |
| Form subdivision | Fiction |
| Source of heading or term | vmj |
| 650 #7 - SUBJECT ADDED ENTRY--TOPICAL TERM | |
| Topical term or geographic name as entry element | Dimanche |
| Form subdivision | Fiction |
| Source of heading or term | vmj |
| 655 #7 - INDEX TERM--GENRE/FORM | |
| Genre/form data or focus term | Documents pour la jeunesse |
| Source of term | rvmgf |
| 655 #7 - INDEX TERM--GENRE/FORM | |
| Genre/form data or focus term | Livres d'images |
| Source of term | rvmgf |
| 830 #0 - SERIES ADDED ENTRY--UNIFORM TITLE | |
| Uniform title | Collection Histoires de vivre |
| 942 ## - ADDED ENTRY ELEMENTS (KOHA) | |
| Source of classification or shelving scheme | Dewey Decimal Classification |
| Koha item type | Album jeunesse |
| Withdrawn status | Lost status | Source of classification or shelving scheme | Damaged status | Not for loan | Home library | Current library | Date acquired | Total Checkouts | Full call number | Barcode | Date last seen | Price effective from | Koha item type |
|---|---|---|---|---|---|---|---|---|---|---|---|---|---|
| Dewey Decimal Classification | Bibliothèque municipale d'Henryville | Bibliothèque municipale d'Henryville | 2026-05-30 | ALB BIS | 30001030026779 | 2026-05-30 | 2026-05-30 | Album jeunesse |